[Event "80th ARM-ch 1st League 2019"]
[Site "Yerevan"]
[Date "2019.08.18"]
[Round "1.1"]
[White "Chaqryan, Erik"]
[Black "Davtyan, Artur"]
[Result "0-1"]
[WhiteElo "2105"]
[BlackElo "2440"]
[Annotator "ChessBase"]
[PlyCount "96"]
[EventDate "2019.08.18"]
[EventType "tourn"]
[EventCountry "ARM"]
[SourceTitle "playchess.com"]
[Source "ChessBase"]
[SourceQuality "1"]
[TimeControl "40/5400+30:1800+30"]

1. d4 {[%emt 0:00:00]} d5 {[%emt 0:00:22]} 2. c4 {[%emt 0:00:00]} e6 {[%emt 0:00:03]} 3. Nc3 {[%emt 0:00:00]} Be7 {[%emt 0:00:04]} 4. cxd5 {[%emt 0:00:01]} exd5 {[%emt 0:00:02]} 5. Bf4 {[%emt 0:00:06]} c6 {[%emt 0:00:06]} 6. e3 {[%emt 0:00:09]} Bf5 {[%emt 0:00:05]} 7. g4 {[%emt 0:01:06]} Be6 {[%emt 0:00:15]} 8. h4 {[%emt 0:00:32]} Nd7 {[%emt 0:00:08]} 9. g5 {[%emt 0:04:25]} h6 {[%emt 0:00:07]} 10. g6 {[%emt 0:02:27]} Ngf6 {[%emt 0:00:05]} 11. Bd3 {[%emt 0:02:39]} O-O {[%emt 0:00:16]} 12. Nge2 {[%emt 0:04:51]} Nh5 {[%emt 0:04:21]} 13. gxf7+ {[%emt 0:03:51]} Bxf7 {[%emt 0:00:06]} 14. Qc2 {[%emt 0:06:35]} Bxh4 {[%emt 0:14:06]} 15. Bf5 {[%emt 0:36:30]} Nb6 {[%emt 0:17:57]} 16. Rh2 {[%emt 0:04:39]} Nc4 {[%emt 0:10:01]} 17. O-O-O {[%emt 0:03:13]} Qe7 {[%emt 0:14:51]} 18. Rdh1 {[%emt 0:14:48]} Nxf4 {[%emt 0:26:55]} 19. Rxh4 {[%emt 0:00:58]} Nxe2+ {[%emt 0:01:22]} 20. Nxe2 {[%emt 0:04:09]} Nd6 {[%emt 0:00:21]} 21. Bh7+ {[%emt 0:04:15]} Kh8 {[%emt 0:00:05]} 22. Nf4 {[%emt 0:03:02]} Ne4 {[%emt 0:03:47]} 23. Bxe4 {[%emt 0:01:50]} dxe4 {[%emt 0:00:16]} 24. Qe2 {[%emt 0:01:17]} Qf6 {[%emt 0:01:01]} 25. Kb1 {[%emt 0:00:20]} Rad8 {[%emt 0:01:35]} 26. Qc2 {[%emt 0:00:39]} Rde8 {[%emt 0:01:09]} 27. Qc5 {[%emt 0:00:28]} b6 {[%emt 0:00:01]} 28. Qa3 {[%emt 0:00:36]} c5 {[%emt 0:00:14]} 29. dxc5 {[%emt 0:00:21]} bxc5 {[%emt 0:01:57]} 30. Qxc5 {[%emt 0:00:05]} Rd8 {[%emt 0:01:26]} 31. Ne2 {[%emt 0:00:54]} Kg8 {[%emt 0:01:22]} 32. Rf4 {[%emt 0:00:43]} Qa6 {[%emt 0:00:43]} 33. Nc1 {[%emt 0:00:23]} Rc8 {[%emt 0:00:24]} 34. Qe5 {[%emt 0:00:32]} Qc4 {[%emt 0:00:36]} 35. Qc3 {[%emt 0:00:27]} Qa4 {[%emt 0:00:30]} 36. b3 {[%emt 0:00:33]} Rxc3 {[%emt 0:00:41]} 37. bxa4 {[%emt 0:00:00]} Rb8+ {[%emt 0:00:18]} 38. Ka1 {[%emt 0:00:11]} Rc4 {[%emt 0:00:45]} 39. Rd1 {[%emt 0:01:20]} Rxa4 {[%emt 0:00:18]} 40. Rd4 {[%emt 0:00:00]} Rxd4 {[%emt 0:00:00]} 41. exd4 {[%emt 0:00:32]} g5 {[%emt 0:03:47]} 42. Rf6 {[%emt 0:01:29]} Rb6 {[%emt 0:07:25]} 43. Rxb6 {[%emt 0:00:46]} axb6 {[%emt 0:00:16]} 44. Ne2 {[%emt 0:00:03]} h5 {[%emt 0:00:22]} 45. Ng3 {[%emt 0:01:08]} e3 {[%emt 0:02:49]} 46. fxe3 {[%emt 0:00:06]} h4 {[%emt 0:00:11]} 47. Ne4 {[%emt 0:01:41]} h3 {[%emt 0:00:07]} 48. Ng3 {[%emt 0:02:48]} h2 {[%emt 0:00:10]} 0-1

[Event "80th ARM-ch 1st League 2019"]
[Site "Yerevan"]
[Date "2019.08.18"]
[Round "1.2"]
[White "Gharibyan, Mamikon"]
[Black "Shahinyan, David"]
[Result "1-0"]
[WhiteElo "2365"]
[BlackElo "2452"]
[Annotator "ChessBase"]
[PlyCount "73"]
[EventDate "2019.08.18"]
[EventType "tourn"]
[EventCountry "ARM"]
[SourceTitle "playchess.com"]
[Source "ChessBase"]
[SourceQuality "1"]
[TimeControl "40/5400+30:1800+30"]

1. d4 {[%emt 0:00:00]} e6 {[%emt 0:00:00]} 2. c4 {[%emt 0:00:19]} b6 {[%emt 0:00:46]} 3. a3 {[%emt 0:02:25]} Bb7 {[%emt 0:00:41]} 4. Nc3 {[%emt 0:00:29]} f5 {[%emt 0:00:06]} 5. Bf4 {[%emt 0:02:51]} Nf6 {[%emt 0:01:30]} 6. e3 {[%emt 0:01:27]} Be7 {[%emt 0:02:08]} 7. Nh3 {[%emt 0:09:17]} O-O {[%emt 0:02:44]} 8. Bg3 {[%emt 0:01:48]} Qc8 {[%emt 0:09:15]} 9. Nf4 {[%emt 0:04:10]} Nc6 {[%emt 0:00:25]} 10. Bd3 {[%emt 0:07:17]} Nd8 {[%emt 0:08:06]} 11. O-O {[%emt 0:01:16]} d6 {[%emt 0:03:21]} 12. Qe2 {[%emt 0:10:51]} c6 {[%emt 0:18:12]} 13. Nh5 {[%emt 0:13:36]} Ne8 {[%emt 0:06:54]} 14. Bc2 {[%emt 0:11:08]} g6 {[%emt 0:05:32]} 15. Nf4 {[%emt 0:00:42]} Bf6 {[%emt 0:00:26]} 16. Bb3 {[%emt 0:03:48]} e5 {[%emt 0:03:19]} 17. dxe5 {[%emt 0:01:49]} dxe5 {[%emt 0:00:04]} 18. Nd3 {[%emt 0:01:16]} Qe6 {[%emt 0:06:46]} 19. Ba2 {[%emt 0:03:16]} Kh8 {[%emt 0:04:03]} 20. Rfd1 {[%emt 0:02:55]} Qe7 {[%emt 0:02:29]} 21. Rac1 {[%emt 0:01:35]} Nd6 {[%emt 0:03:52]} 22. c5 {[%emt 0:02:28]} N6f7 {[%emt 0:00:42]} 23. cxb6 {[%emt 0:01:00]} axb6 {[%emt 0:00:11]} 24. Qc2 {[%emt 0:00:31]} h5 {[%emt 0:05:16]} 25. h3 {[%emt 0:00:50]} h4 {[%emt 0:01:03]} 26. Bh2 {[%emt 0:00:04]} Bc8 {[%emt 0:02:48]} 27. Nb4 {[%emt 0:01:51]} Bg7 {[%emt 0:03:36]} 28. Nxc6 {[%emt 0:00:42]} Nxc6 {[%emt 0:02:14]} 29. Nd5 Qg5 30. Qxc6 {[%emt 0:01:35]} Rb8 {[%emt 0:01:03]} 31. f4 {[%emt 0:00:29]} Qh6 {[%emt 0:01:03]} 32. Ne7 {[%emt 0:00:52]} Bb7 {[%emt 0:05:19]} 33. Qxg6 {[%emt 0:01:27]} Rbe8 {[%emt 0:01:57]} 34. Qxh6+ {[%emt 0:00:21]} Nxh6 {[%emt 0:00:27]} 35. Ng6+ {[%emt 0:00:05]} Kh7 {[%emt 0:00:00]} 36. Nxf8+ {[%emt 0:00:07]} Rxf8 {[%emt 0:00:03]} 37. Rc7 {[%emt 0:00:19]} 1-0

[Event "80th ARM-ch 1st League 2019"]
[Site "Yerevan"]
[Date "2019.08.18"]
[Round "1.3"]
[White "Gevorgyan, Albert"]
[Black "Baghdasaryan, Vahe"]
[Result "1/2-1/2"]
[WhiteElo "2175"]
[BlackElo "2373"]
[Annotator "ChessBase"]
[PlyCount "86"]
[EventDate "2019.08.18"]
[EventType "tourn"]
[EventCountry "ARM"]
[SourceTitle "playchess.com"]
[Source "ChessBase"]
[SourceQuality "1"]
[TimeControl "40/5400+30:1800+30"]

1. Nf3 {[%emt 0:00:00]} c5 {[%emt 0:00:08]} 2. c4 {[%emt 0:00:39]} Nc6 {[%emt 0:01:37]} 3. d4 {[%emt 0:00:39]} cxd4 {[%emt 0:01:01]} 4. Nxd4 {[%emt 0:00:11]} Nf6 {[%emt 0:03:26]} 5. Nc3 {[%emt 0:00:27]} e6 {[%emt 0:02:48]} 6. Bf4 {[%emt 0:00:35]} Bc5 {[%emt 0:10:59]} 7. Ndb5 {[%emt 0:00:20]} e5 {[%emt 0:01:28]} 8. Bg5 {[%emt 0:20:08]} O-O {[%emt 0:25:59]} 9. e3 {[%emt 0:01:29]} d6 {[%emt 0:01:18]} 10. a3 {[%emt 0:02:19]} a6 {[%emt 0:10:27]} 11. Bxf6 {[%emt 0:10:15]} gxf6 {[%emt 0:11:05]} 12. b4 {[%emt 0:01:37]} axb5 {[%emt 0:00:14]} 13. bxc5 {[%emt 0:02:08]} dxc5 {[%emt 0:07:26]} 14. cxb5 {[%emt 0:06:47]} Qa5 {[%emt 0:01:31]} 15. Rc1 {[%emt 0:02:10]} Ne7 {[%emt 0:10:09]} 16. Bc4 {[%emt 0:05:04]} Bf5 {[%emt 0:04:37]} 17. O-O {[%emt 0:02:42]} Rfd8 {[%emt 0:03:18]} 18. Qf3 {[%emt 0:00:49]} Qb6 {[%emt 0:00:27]} 19. a4 {[%emt 0:04:22]} Kg7 {[%emt 0:00:50]} 20. h3 {[%emt 0:05:56]} Bd3 {[%emt 0:00:40]} 21. Bxd3 {[%emt 0:01:23]} Rxd3 {[%emt 0:00:03]} 22. Ne4 {[%emt 0:00:12]} Rd5 {[%emt 0:00:15]} 23. Rc4 {[%emt 0:02:49]} f5 {[%emt 0:00:45]} 24. Ng3 {[%emt 0:02:54]} e4 {[%emt 0:00:51]} 25. Qf4 {[%emt 0:05:23]} Ng6 {[%emt 0:00:16]} 26. Nh5+ {[%emt 0:08:57]} Kh8 {[%emt 0:00:01]} 27. Qh6 {[%emt 0:01:25]} Rg8 {[%emt 0:00:02]} 28. Rcc1 {[%emt 0:01:35]} Qd6 {[%emt 0:01:41]} 29. Qg5 {[%emt 0:03:27]} Ra8 {[%emt 0:00:30]} 30. Nf6 {[%emt 0:01:01]} Qe7 {[%emt 0:00:33]} 31. h4 {[%emt 0:01:26]} Rd6 {[%emt 0:00:21]} 32. Nh5 {[%emt 0:00:10]} Qxg5 {[%emt 0:00:27]} 33. hxg5 {[%emt 0:00:04]} b6 {[%emt 0:00:16]} 34. Rfd1 {[%emt 0:00:16]} Rxd1+ {[%emt 0:00:31]} 35. Rxd1 {[%emt 0:00:04]} Ne5 {[%emt 0:00:03]} 36. Rd5 {[%emt 0:03:23]} Ng4 {[%emt 0:01:22]} 37. a5 {[%emt 0:04:08]} bxa5 {[%emt 0:00:33]} 38. Rxc5 {[%emt 0:00:49]} h6 {[%emt 0:00:07]} 39. b6 {[%emt 0:00:52]} Rb8 {[%emt 0:00:20]} 40. Rxa5 {[%emt 0:00:00]} Rxb6 {[%emt 0:00:00]} 41. Ra8+ {[%emt 0:05:50]} Kh7 {[%emt 0:00:22]} 42. Nf6+ {[%emt 0:00:04]} Nxf6 {[%emt 0:00:23]} 43. gxf6 {[%emt 0:00:06]} Rxf6 {[%emt 0:00:05]} 1/2-1/2

[Event "80th ARM-ch 1st League 2019"]
[Site "Yerevan"]
[Date "2019.08.18"]
[Round "1.4"]
[White "Hayrapetyan, Hovik"]
[Black "Harutyunian, Tigran K."]
[Result "1/2-1/2"]
[WhiteElo "2453"]
[BlackElo "2555"]
[Annotator "TA"]
[PlyCount "91"]
[EventDate "2019.08.18"]
[EventType "tourn"]
[EventCountry "ARM"]
[SourceTitle "playchess.com"]
[Source "ChessBase"]
[SourceQuality "1"]

{[%evp 14,91,21,8,28,32,81,-3,20,-1,0,0,0,0,-4,-2,16,7,8,-2,50,13,12,12,15,1,14,16,9,9,11,10,11,13,12,13,22,31,44,11,20,7,13,4,6,4,4,4,11,8,8,7,8,8,8,0,8,0,0,0,0,0,0,0,0,0,8,0,0,0,0,0,0,-14,-14,-14,-18,-25,-12,-12]} 1. d4 Nf6 2. c4 g6 3. Nc3 d5 4. cxd5 Nxd5 5. Bd2 Bg7 6. e4 Nxc3 7. Bxc3 O-O 8. Rc1 e5 {D85: Exchange Grünfeld: Unusual White 7th moves and lines with 7 Nf3} 9. dxe5 Qe7 {[#]} 10. Nf3 $146 (10. f4 $1 $16) ({Predecessor:} 10. f4 g5 11. Qh5 gxf4 12. Nf3 Be6 13. a3 Nc6 14. g3 Qd7 15. gxf4 Bg4 16. Qg5 Bxf3 17. Rg1 f6 18. exf6 Bxe4 19. Bc4+ {1-0 (19) Iturrizaga Bonelli,E (2538)-Safarli,E (2568) ICC INT 2008}) 10... Nc6 11. Qb3 Nxe5 12. Bb4 Nxf3+ 13. gxf3 Qg5 14. Qe3 $1 $132 {[%cal Re3g5][%mdl 2048] White is not keeping still} Qh4 {aiming for ...Bh6.} 15. Bxf8 Bxf8 16. Qb3 Qg5 (16... a5 $11) 17. Rc2 Qa5+ 18. Kd1 {[#] And now Bc4 would win.} Bd7 $1 {Threatens to win with ...Rd8.} 19. Qc3 (19. Qxb7 Rd8 $15) 19... Bb4 20. Qxc7 Ba4 {( -> ...Qxc7)} 21. Qxa5 Bxc2+ 22. Kxc2 Bxa5 $11 {[%mdl 4096] Endgame KRB-KRB} 23. Bc4 Rc8 24. Kd3 Bb6 25. Rf1 Bc7 26. h3 (26. Rc1 $5 {[%cal Rc4d5]} Rd8+ 27. Ke3 $16) 26... Bf4 27. a4 b6 28. Rg1 Kg7 29. Rg4 g5 30. Rg1 Kf6 31. Ra1 Be5 32. Ra2 a5 33. Ra3 Bd6 34. Rc3 Bb4 35. Rc1 Ke5 36. Rg1 f6 37. Rg4 Bd2 38. b3 Bc1 39. Rg1 Ba3 40. Rg4 Bc1 41. Kc2 h5 42. Rg1 Ba3 43. Rd1 {Black must now prevent Rd5+.} Kf4 44. Rd5 {[%csl Ge4][%cal Rd5f5]} Kxf3 45. Rf5+ Kxe4 46. Rxf6 {Accuracy: White = 56%, Black = 53%.} 1/2-1/2

[Event "80th ARM-ch 1st League 2019"]
[Site "Yerevan"]
[Date "2019.08.18"]
[Round "1.5"]
[White "Mikaelyan, Arman"]
[Black "Sargsyan, Shant"]
[Result "1/2-1/2"]
[WhiteElo "2454"]
[BlackElo "2540"]
[Annotator "TA"]
[PlyCount "178"]
[EventDate "2019.08.18"]
[EventType "tourn"]
[EventCountry "ARM"]
[SourceTitle "playchess.com"]
[Source "ChessBase"]
[SourceQuality "1"]

{[%evp 12,178,17,8,11,8,8,8,20,18,15,0,26,21,21,19,22,27,31,0,0,0,0,0,0,-28,-38,-30,0,-48,-50,-52,-52,-117,-118,-115,-120,-132,-125,-128,-131,-127,-119,-85,-85,-187,-233,-395,-395,-416,-421,-307,-147,-93,-24,-20,0,0,0,0,0,0,331,251,436,436,436,436,524,524,524,524,579,8,8,0,579,579,579,579,579,579,579,579,579,579,579,579,579,579,579,579,579,579,579,579,579,579,579,579,579,579,579,579,579,579,579,579,579,579,579,579,579,579,579,579,579,579,579,579,579,579,579,579,579,579,579,579,579,579,579,579,29979,29980,29979,579,29981,29982,29982,579,29983,29984,29984,579,579,0,579,0,29984,29983,29983,29984,29984,29985,29985,29980,29980,29981,29983,8,403,8,8,0,0,0,8,8,8]} 1. e4 c6 2. d4 d5 3. exd5 cxd5 4. Bd3 Nc6 5. c3 Nf6 6. Bf4 Bg4 7. Qb3 e5 {B13: Caro-Kann: Exchange Variation and Panov-Botvinnik Attack} (7... Na5 8. Qa4+ Bd7 9. Qc2 a6 10. Nd2 e6 11. Ngf3 Bb5 12. Bxb5+ axb5 13. a3 Be7 14. O-O O-O 15. Rae1 Nc4 16. Ne5 Ra6 17. Nd3 Rc6 {1-0 (82) Aronian,L (2765)-Karjakin,S (2753) Kolkata 2018}) 8. h3 Na5 9. Qc2 exf4 10. hxg4 Nxg4 11. Nd2 Bd6 $146 ({Predecessor:} 11... Qc7 12. Rxh7 Rxh7 13. Bb5+ Nc6 14. Qxh7 g6 15. Qh4 {½-½ (52) Lyell,M (2311)-Cmiel,T (2132) Budapest 2018}) 12. Rxh7 Rxh7 13. Bb5+ Ke7 14. Qxh7 Qb6 15. Qxg7 {Hoping for a4.} Qxb5 16. Qxg4 Qxb2 {[%mdl 64] Double Attack} 17. Rb1 Qxa2 18. Qg5+ Kd7 19. Qf5+ Kc6 $1 20. Ngf3 (20. Qxf7 $5 {[%cal Rc3c4]} b6 21. Ngf3 $11) 20... Rh8 21. Ke2 Nc4 22. Rxb7 (22. Qxf7 $15 b6 23. Kd3) 22... Kxb7 $17 23. Qxd5+ Kb6 {aiming for ...Re8+.} 24. Qxc4 Qxc4+ 25. Nxc4+ {[%mdl 4096] Endgame KRB-KNN} Kc6 26. Ng5 Bc7 27. Nxf7 Rg8 28. Kd3 (28. Nfe5+ $17 Kd5 29. g4) 28... Rxg2 $19 29. Ke4 $2 (29. Nce5+ Bxe5 30. Nxe5+ Kd6 31. f3) 29... Kb5 $1 {[%cal Rb5c4]} 30. Nce5 Rxf2 31. c4+ Ka4 (31... Kb6 $19 {has better winning chances. Threatens to win with ...a5.} 32. Nd7+ Kb7) 32. d5 $17 Re2+ ({Black should try} 32... Bb6 $1 $17 33. Ng5 f3 $1 {[%mdl 512]} 34. Ngxf3 Re2+ 35. Kd3 Re3+ 36. Kd2 Kb4) 33. Kxf4 $11 Rd2 34. Ke3 Rd1 35. Nd3 Kb3 {White must now prevent ...Kc3.} 36. d6 Ba5 $2 {[%mdl 8192]} (36... Bxd6 $11 37. Nxd6 Kc2 38. Nb4+ Kb3) 37. c5 $18 Kc4 $2 (37... Rg1 38. Kd4 Ka4) 38. Nb2+ Kxc5 {...Rf1 is the strong threat.} 39. Nxd1 Kd5 {[#]} 40. d7 $1 Bb6+ 41. Kd3 Kc6 42. Ne5+ $2 ({Better is} 42. d8=Q $18 {Threatening mate with Qd6+.} Bxd8 43. Nxd8+ Kb6 44. Kc4) 42... Kd5 $1 $11 43. Nf7 (43. Nf3 {keeps more tension.} Ke6 44. Kc4 Kxd7 45. Kd5 Bd8 46. Nc3) 43... Kc6 $1 44. d8=N+ ({Weaker is} 44. Ne5+ Kd5 $14) 44... Bxd8 45. Nxd8+ Kb6 46. Ne3 a5 47. Nc4+ Kb5 48. Na3+ Kb4 49. Nc2+ Kc5 50. Ne6+ Kd6 51. Nf4 a4 52. Na3 Ke5 53. Ke3 Kf5 54. Nd3 Ke6 55. Ke4 Kf6 56. Nf4 Kg5 57. Nd5 Kg4 58. Nf6+ Kg5 59. Ke5 Kg6 60. Ne4 Kf7 61. Kd6 Kg7 62. Ke7 Kg6 63. Ke6 Kg7 64. Ng5 Kg6 65. Nf3 Kg7 66. Ne5 Kh6 67. Kf5 Kh5 68. Ng6 Kh6 69. Nf4 Kg7 70. Ke6 Kf8 71. Nh5 Ke8 72. Ng7+ Kd8 73. Kd6 Kc8 74. Ne6 Kb7 75. Kc5 (75. Nd8+ $142 Kb6 76. Nf7 Kb7 77. Ne5 Kc8 78. Nc6 Kb7 79. Ne7 Ka7 80. Kc6) 75... Ka7 76. Kc6 Ka6 77. Kd5 (77. Nc7+ $142 Ka5 78. Nd5 Ka6 79. Kc7 Ka5 80. Kc6 Ka6 81. Kc7 Ka5 82. Kd7) 77... Kb7 78. Kc5 Ka7 $1 79. Kc6 Ka6 $1 80. Nd4 Ka5 81. Ndc2 Ka6 82. Nb4+ Ka5 83. Na2 Ka6 84. Nc4 a3 85. Nb4+ (85. Ne5 $142 Ka5 86. Nc4+ Ka6 87. Ne5 Ka7 88. Ng6 Kb8 89. Ne7 Ka7 90. Nf5) 85... Ka7 $18 {[#]} 86. Kc7 $2 ({Only move:} 86. Nc2 $1 $18 a2 87. Na1) 86... a2 $1 $11 {[%cal Ra2a1] The position is equal.} 87. Nc6+ Ka6 88. Nb4+ {[%mdl 64] Double Attack} Kb5 89. Nxa2 Kxc4 {Accuracy: White = 40%, Black = 62%.} 1/2-1/2

[Event "80th ARM-ch 1st League 2019"]
[Site "Yerevan"]
[Date "2019.08.18"]
[Round "1.6"]
[White "Harutjunyan, Gevorg"]
[Black "Hoghmrtsyan, Artur"]
[Result "1-0"]
[WhiteElo "2455"]
[BlackElo "2317"]
[Annotator "ChessBase"]
[PlyCount "89"]
[EventDate "2019.08.18"]
[EventType "tourn"]
[EventCountry "ARM"]
[SourceTitle "playchess.com"]
[Source "ChessBase"]
[SourceQuality "1"]
[TimeControl "40/5400+30:1800+30"]

1. c4 {[%emt 0:00:00]} e6 {[%emt 0:00:00]} 2. Nc3 {[%emt 0:00:00]} d5 {[%emt 0:00:00]} 3. d4 {[%emt 0:00:00]} Be7 {[%emt 0:00:02]} 4. Nf3 {[%emt 0:00:07]} Nf6 {[%emt 0:00:08]} 5. g3 {[%emt 0:00:17]} O-O {[%emt 0:00:54]} 6. Bg2 {[%emt 0:00:17]} Nbd7 {[%emt 0:01:13]} 7. O-O {[%emt 0:01:38]} dxc4 {[%emt 0:02:26]} 8. e4 {[%emt 0:00:53]} c6 {[%emt 0:00:40]} 9. a4 {[%emt 0:01:11]} b6 {[%emt 0:00:26]} 10. Qe2 {[%emt 0:07:28]} Ba6 {[%emt 0:00:06]} 11. b3 {[%emt 0:01:40]} e5 {[%emt 0:27:48]} 12. dxe5 {[%emt 0:05:34]} Ng4 {[%emt 0:00:26]} 13. Bf4 {[%emt 0:03:21]} Bb4 {[%emt 0:10:46]} 14. Na2 {[%emt 0:07:06]} Qe7 {[%emt 0:20:19]} 15. h3 {[%emt 0:13:03]} Nh6 {[%emt 0:14:58]} 16. Nd4 {[%emt 0:04:11]} Bc5 {[%emt 0:01:59]} 17. Nxc6 {[%emt 0:03:16]} Qe6 {[%emt 0:00:38]} 18. b4 {[%emt 0:12:02]} Qxc6 {[%emt 0:00:33]} 19. bxc5 {[%emt 0:00:08]} Nxc5 {[%emt 0:04:05]} 20. Nb4 {[%emt 0:01:53]} Qe6 {[%emt 0:00:05]} 21. Nxa6 {[%emt 0:00:18]} Nxa6 {[%emt 0:00:03]} 22. Rfc1 {[%emt 0:00:21]} Rac8 {[%emt 0:01:06]} 23. Bf1 {[%emt 0:01:26]} Kh8 {[%emt 0:05:09]} 24. Rxc4 {[%emt 0:01:37]} Nc5 {[%emt 0:00:11]} 25. Rd1 {[%emt 0:02:59]} Ng8 {[%emt 0:00:53]} 26. Rd6 {[%emt 0:01:17]} Qe8 {[%emt 0:00:29]} 27. Qc2 {[%emt 0:01:40]} Ne7 {[%emt 0:02:39]} 28. Be3 {[%emt 0:03:09]} Nc6 {[%emt 0:01:35]} 29. Bxc5 {[%emt 0:05:07]} Nxe5 {[%emt 0:01:17]} 30. Ba3 {[%emt 0:00:42]} Nxc4 {[%emt 0:00:27]} 31. Bxc4 {[%emt 0:00:07]} Qe5 {[%emt 0:00:50]} 32. Rd1 {[%emt 0:07:35]} Rfe8 {[%emt 0:00:19]} 33. Qb3 {[%emt 0:00:57]} Qxe4 {[%emt 0:01:48]} 34. Bxf7 {[%emt 0:02:26]} Red8 {[%emt 0:00:06]} 35. Bb2 {[%emt 0:03:59]} Qe2 {[%emt 0:01:08]} 36. Rxd8+ {[%emt 0:06:11]} Rxd8 {[%emt 0:00:02]} 37. Bd5 {[%emt 0:00:47]} Qd2 {[%emt 0:01:10]} 38. Bf3 {[%emt 0:00:54]} Qe1+ {[%emt 0:00:18]} 39. Kg2 {[%emt 0:02:09]} Rd2 {[%emt 0:00:10]} 40. Bxg7+ {[%emt 0:00:00]} Kxg7 {[%emt 0:00:00]} 41. Qc3+ {[%emt 0:01:44]} Kg6 {[%emt 0:07:23]} 42. Qc6+ {[%emt 0:01:57]} Kg7 {[%emt 0:01:18]} 43. Qc7+ {[%emt 0:00:58]} Kg6 {[%emt 0:02:37]} 44. Bh5+ {[%emt 0:01:35]} Kh6 {[%emt 0:00:48]} 45. Qf4+ {[%emt 0:00:20]} 1-0

[Event "80th ARM-ch 1st League 2019"]
[Site "Yerevan"]
[Date "2019.08.18"]
[Round "1.7"]
[White "Torosyan, Norayr"]
[Black "Khojayan, Vardan"]
[Result "1-0"]
[WhiteElo "2365"]
[BlackElo "2236"]
[Annotator "ChessBase"]
[PlyCount "75"]
[EventDate "2019.08.18"]
[EventType "tourn"]
[EventCountry "ARM"]
[SourceTitle "playchess.com"]
[Source "ChessBase"]
[SourceQuality "1"]
[TimeControl "40/5400+30:1800+30"]

1. e4 {[%emt 0:00:00]} c5 {[%emt 0:00:00]} 2. Nc3 {[%emt 0:00:00]} e6 {[%emt 0:00:18]} 3. Nge2 {[%emt 0:01:08]} a6 {[%emt 0:01:38]} 4. g3 {[%emt 0:02:03]} b5 {[%emt 0:03:36]} 5. Bg2 {[%emt 0:00:12]} Bb7 {[%emt 0:00:08]} 6. d4 {[%emt 0:00:18]} cxd4 {[%emt 0:08:57]} 7. Nxd4 {[%emt 0:00:09]} Nf6 {[%emt 0:03:40]} 8. a3 {[%emt 0:00:06]} d6 {[%emt 0:01:38]} 9. O-O {[%emt 0:00:05]} Qc7 {[%emt 0:07:07]} 10. Re1 {[%emt 0:00:12]} Be7 {[%emt 0:15:22]} 11. a4 {[%emt 0:00:19]} bxa4 {[%emt 0:13:26]} 12. Rxa4 {[%emt 0:00:13]} O-O {[%emt 0:01:15]} 13. Rb4 {[%emt 0:00:53]} Nfd7 {[%emt 0:07:38]} 14. Rxb7 {[%emt 0:10:58]} Qxb7 {[%emt 0:00:04]} 15. e5 {[%emt 0:00:03]} d5 {[%emt 0:08:21]} 16. Nxe6 {[%emt 0:00:09]} fxe6 {[%emt 0:11:25]} 17. Nxd5 {[%emt 0:00:28]} Kh8 {[%emt 0:08:18]} 18. Nxe7 {[%emt 0:01:01]} Qb4 {[%emt 0:02:16]} 19. Bxa8 {[%emt 0:02:03]} Qxe7 {[%emt 0:00:04]} 20. Qd6 {[%emt 0:00:41]} Qf7 {[%emt 0:00:04]} 21. f4 {[%emt 0:01:50]} Rc8 {[%emt 0:00:33]} 22. c3 {[%emt 0:02:09]} Nf8 {[%emt 0:02:20]} 23. Be3 {[%emt 0:00:35]} Ng6 {[%emt 0:00:07]} 24. Rd1 {[%emt 0:02:49]} h5 {[%emt 0:00:39]} 25. Qb6 {[%emt 0:08:47]} Re8 {[%emt 0:02:22]} 26. Rd8 {[%emt 0:02:19]} Qg8 {[%emt 0:00:12]} 27. Rxe8 {[%emt 0:01:07]} Qxe8 {[%emt 0:00:02]} 28. Be4 {[%emt 0:00:27]} Nf8 {[%emt 0:00:35]} 29. c4 {[%emt 0:00:28]} h4 {[%emt 0:01:05]} 30. c5 {[%emt 0:01:32]} Nfd7 {[%emt 0:01:01]} 31. Qd6 {[%emt 0:00:21]} Qh5 {[%emt 0:00:38]} 32. Kf2 {[%emt 0:00:20]} hxg3+ {[%emt 0:00:11]} 33. hxg3 {[%emt 0:00:03]} Qh2+ {[%emt 0:00:19]} 34. Bg2 {[%emt 0:00:04]} Qh7 {[%emt 0:00:04]} 35. c6 {[%emt 0:00:31]} Qc2+ {[%emt 0:00:24]} 36. Qd2 {[%emt 0:00:04]} Qxd2+ {[%emt 0:01:32]} 37. Bxd2 {[%emt 0:00:06]} Nb6 {[%emt 0:00:07]} 38. Ba5 {[%emt 0:00:29]} 1-0

[Event "80th ARM-ch 1st League 2019"]
[Site "Yerevan"]
[Date "2019.08.19"]
[Round "2.1"]
[White "Khojayan, Vardan"]
[Black "Gevorgyan, Albert"]
[Result "1/2-1/2"]
[WhiteElo "2236"]
[BlackElo "2175"]
[Annotator "ChessBase"]
[PlyCount "68"]
[EventDate "2019.08.18"]
[EventType "tourn"]
[EventCountry "ARM"]
[SourceTitle "playchess.com"]
[Source "ChessBase"]
[SourceQuality "1"]
[TimeControl "40/5400+30:1800+30"]

1. d4 {[%emt 0:00:00]} d5 {[%emt 0:00:00]} 2. Nf3 {[%emt 0:00:00]} Nf6 {[%emt 0:00:00]} 3. c4 {[%emt 0:00:00]} c6 {[%emt 0:00:16]} 4. e3 {[%emt 0:00:06]} e6 {[%emt 0:00:14]} 5. Bd3 {[%emt 0:01:16]} Nbd7 {[%emt 0:00:22]} 6. O-O {[%emt 0:00:07]} dxc4 {[%emt 0:05:21]} 7. Bxc4 {[%emt 0:00:06]} b5 {[%emt 0:00:07]} 8. Be2 {[%emt 0:03:16]} Bb7 {[%emt 0:00:21]} 9. a4 {[%emt 0:03:18]} a6 {[%emt 0:01:38]} 10. Nbd2 {[%emt 0:01:44]} Be7 {[%emt 0:06:56]} 11. e4 {[%emt 0:04:44]} Qb6 {[%emt 0:08:43]} 12. e5 {[%emt 0:11:24]} Nd5 {[%emt 0:00:16]} 13. Ne4 {[%emt 0:00:07]} h6 {[%emt 0:04:33]} 14. Qb3 {[%emt 0:05:22]} O-O {[%emt 0:03:02]} 15. Bd2 {[%emt 0:04:17]} c5 {[%emt 0:22:16]} 16. axb5 {[%emt 0:03:35]} cxd4 {[%emt 0:04:52]} 17. Ba5 {[%emt 0:23:12]} Qa7 {[%emt 0:00:30]} 18. Bd2 {[%emt 0:02:07]} Nc7 {[%emt 0:12:17]} 19. Nd6 {[%emt 0:06:55]} Bd5 {[%emt 0:03:43]} 20. Qa3 {[%emt 0:08:23]} Qb8 {[%emt 0:04:45]} 21. bxa6 {[%emt 0:05:33]} Nxa6 {[%emt 0:01:58]} 22. Qd3 {[%emt 0:06:39]} Nac5 {[%emt 0:09:36]} 23. Rxa8 {[%emt 0:00:47]} Bxa8 {[%emt 0:00:06]} 24. Qxd4 {[%emt 0:03:18]} Nb3 {[%emt 0:00:33]} 25. Qe3 {[%emt 0:03:46]} Bxf3 {[%emt 0:00:37]} 26. gxf3 {[%emt 0:00:56]} Nxe5 {[%emt 0:01:03]} 27. Ne4 {[%emt 0:01:17]} f5 {[%emt 0:01:47]} 28. Bc3 {[%emt 0:00:56]} Nf7 {[%emt 0:01:49]} 29. Ng3 {[%emt 0:00:37]} f4 {[%emt 0:01:41]} 30. Qxe6 {[%emt 0:00:06]} fxg3 {[%emt 0:00:10]} 31. Qg6 {[%emt 0:00:57]} Ne5 {[%emt 0:04:14]} 32. Qe6+ {[%emt 0:00:02]} Nf7 {[%emt 0:00:11]} 33. Qg6 {[%emt 0:00:02]} Ne5 {[%emt 0:00:33]} 34. Qe6+ {[%emt 0:01:15]} Nf7 {[%emt 0:00:04]} 1/2-1/2